[Event "DEM U10w 2021"]
[Site "Willingen GER"]
[Date "2021.08.23"]
[Round "1"]
[White "Hefele, Stefanie"]
[Black "Ruddat, Maila"]
[Result "1-0"]
[Termination "normal"]
[Board "19"]
[WhiteElo "1044"]
[BlackElo "729"]
[WhiteClock "01:07:49"]
[BlackClock "01:05:48"]
[PlyCount "65"]
[WhiteFideId "34612041"]
[BlackFideId "34628100"]
[EventCountry "GER"]
[EventRounds "11"]
[EventType "swiss"]
[EventDate "2021.08.22"]

1. e4 {[%clk 01:15:54]} {[%emt 00:00:04]} e5 {[%clk 01:15:39]} {[%emt
00:00:21]} 2. Nf3 {[%clk 01:16:00]} {[%emt 00:00:25]} Nc6 {[%clk 01:15:43]}
{[%emt 00:00:28]} 3. Nc3 {[%clk 01:16:01]} {[%emt 00:00:27]} Bc5 {[%clk
01:15:50]} {[%emt 00:00:24]} 4. Nxe5 {[%clk 01:15:19]} {[%emt 00:01:11]} Nxe5
{[%clk 01:15:53]} {[%emt 00:00:26]} 5. d4 {[%clk 01:15:21]} {[%emt 00:00:30]}
Bxd4 {[%clk 01:15:47]} {[%emt 00:00:32]} 6. Qxd4 {[%clk 01:15:18]} {[%emt
00:00:36]} d6 {[%clk 01:15:48]} {[%emt 00:00:30]} 7. Bc4 {[%clk 01:14:54]}
{[%emt 00:00:54]} Be6 {[%clk 01:15:03]} {[%emt 00:01:15]} 8. Bxe6 {[%clk
01:14:21]} {[%emt 00:01:03]} fxe6 {[%clk 01:15:11]} {[%emt 00:00:21]} 9. O-O
{[%clk 01:13:51]} {[%emt 00:01:00]} Nf6 {[%clk 01:15:09]} {[%emt 00:00:33]} 10.
Bg5 {[%clk 01:13:23]} {[%emt 00:00:58]} h6 {[%clk 01:14:25]} {[%emt 00:01:14]}
11. Bf4 {[%clk 01:12:42]} {[%emt 00:01:09]} Qe7 {[%clk 01:14:16]} {[%emt
00:00:36]} 12. Bxe5 {[%clk 01:12:04]} {[%emt 00:01:14]} dxe5 {[%clk 01:13:53]}
{[%emt 00:00:49]} 13. Qxe5 {[%clk 01:11:57]} {[%emt 00:00:41]} O-O-O {[%clk
01:12:52]} {[%emt 00:01:18]} 14. Rad1 {[%clk 01:11:10]} {[%emt 00:01:30]} Rxd1
{[%clk 01:12:07]} {[%emt 00:01:06]} 15. Rxd1 {[%clk 01:11:18]} {[%emt
00:00:32]} Rd8 {[%clk 01:12:07]} {[%emt 00:00:29]} 16. h3 {[%clk 01:10:31]}
{[%emt 00:01:15]} Rxd1+ {[%clk 01:11:58]} {[%emt 00:00:36]} 17. Nxd1 {[%clk
01:10:35]} {[%emt 00:00:30]} Qd7 {[%clk 01:11:58]} {[%emt 00:00:30]} 18. Nc3
{[%clk 01:10:31]} {[%emt 00:00:35]} Qd2 {[%clk 01:12:03]} {[%emt 00:01:07]} 19.
Qxe6+ {[%clk 01:10:40]} {[%emt 00:00:39]} Qd7 {[%clk 01:12:00]} {[%emt
00:00:33]} 20. Qb3 {[%clk 01:09:48]} {[%emt 00:01:23]} b6 {[%clk 01:11:10]}
{[%emt 00:01:18]} 21. e5 {[%clk 01:09:07]} {[%emt 00:01:12]} Nh5 {[%clk
01:10:31]} {[%emt 00:01:10]} 22. e6 {[%clk 01:08:24]} {[%emt 00:01:13]} Qe7
{[%clk 01:10:37]} {[%emt 00:00:23]} 23. Nb5 {[%clk 01:07:44]} {[%emt 00:01:09]}
a6 {[%clk 01:10:14]} {[%emt 00:00:55]} 24. Na7+ {[%clk 01:07:13]} {[%emt
00:01:01]} Kb8 {[%clk 01:06:51]} {[%emt 00:03:53]} 25. Nc6+ {[%clk 01:07:23]}
{[%emt 00:00:19]} Kb7 {[%clk 01:06:51]} {[%emt 00:00:30]} 26. Nxe7 {[%clk
01:07:28]} {[%emt 00:00:24]} Nf4 {[%clk 01:06:54]} {[%emt 00:00:28]} 27. Qf3+
{[%clk 01:07:31]} {[%emt 00:00:28]} Kb8 {[%clk 01:06:37]} {[%emt 00:00:47]} 28.
Qxf4 {[%clk 01:07:42]} {[%emt 00:00:19]} Kb7 {[%clk 01:06:40]} {[%emt
00:00:25]} 29. Nd5 {[%clk 01:07:37]} {[%emt 00:00:37]} Kc8 {[%clk 01:06:41]}
{[%emt 00:00:29]} 30. e7 {[%clk 01:07:43]} {[%emt 00:00:24]} Kd7 {[%clk
01:06:34]} {[%emt 00:00:37]} 31. Qf5+ {[%clk 01:07:51]} {[%emt 00:00:24]} Ke8
{[%clk 01:06:33]} {[%emt 00:00:30]} 32. Qc8+ {[%clk 01:07:49]} {[%emt
00:00:31]} Kf7 {[%clk 01:05:48]} {[%emt 00:01:16]} 33. e8=Q# {[%clk 01:07:49]}
{[%emt 00:00:29]} 1-0

[Event "DEM U10w 2021"]
[Site "Willingen GER"]
[Date "2021.08.23"]
[Round "2"]
[White "Zhou, Leyi Charlotte"]
[Black "Czäczine, Paula"]
[Result "0-1"]
[Termination "normal"]
[Board "1"]
[WhiteElo "1100"]
[BlackElo "1127"]
[WhiteClock "00:34:21"]
[BlackClock "00:33:28"]
[PlyCount "142"]
[WhiteFideId "16258100"]
[BlackFideId "16249305"]
[EventCountry "GER"]
[EventRounds "11"]
[EventType "swiss"]
[EventDate "2021.08.22"]

1. e4 {[%clk 01:15:57]} {[%emt 00:00:03]} e5 {[%clk 01:15:51]} {[%emt
00:00:09]} 2. Nf3 {[%clk 01:16:21]} {[%emt 00:00:05]} Nc6 {[%clk 01:16:11]}
{[%emt 00:00:11]} 3. Bc4 {[%clk 01:16:41]} {[%emt 00:00:10]} Nf6 {[%clk
01:16:24]} {[%emt 00:00:17]} 4. O-O {[%clk 01:16:59]} {[%emt 00:00:12]} Be7
{[%clk 01:09:32]} {[%emt 00:07:22]} 5. Nc3 {[%clk 01:16:51]} {[%emt 00:00:38]}
d6 {[%clk 01:06:53]} {[%emt 00:03:09]} 6. d3 {[%clk 01:16:51]} {[%emt
00:00:30]} Bg4 {[%clk 01:05:08]} {[%emt 00:02:14]} 7. h3 {[%clk 01:16:58]}
{[%emt 00:00:19]} Bh5 {[%clk 01:05:19]} {[%emt 00:00:23]} 8. Re1 {[%clk
01:16:58]} {[%emt 00:00:29]} Nd4 {[%clk 01:01:12]} {[%emt 00:04:38]} 9. Be3
{[%clk 01:15:37]} {[%emt 00:01:51]} Nxf3+ {[%clk 01:01:04]} {[%emt 00:00:38]}
10. gxf3 {[%clk 01:15:48]} {[%emt 00:00:19]} Qd7 {[%clk 00:55:03]} {[%emt
00:06:32]} 11. Kh2 {[%clk 01:15:57]} {[%emt 00:00:20]} O-O {[%clk 00:54:18]}
{[%emt 00:01:16]} 12. Rg1 {[%clk 01:16:13]} {[%emt 00:00:14]} c6 {[%clk
00:53:00]} {[%emt 00:01:47]} 13. Bh6 {[%clk 01:15:06]} {[%emt 00:01:38]} Bg6
{[%clk 00:53:05]} {[%emt 00:00:25]} 14. Be3 {[%clk 01:15:07]} {[%emt 00:00:29]}
d5 {[%clk 00:52:59]} {[%emt 00:00:36]} 15. exd5 {[%clk 01:15:24]} {[%emt
00:00:13]} cxd5 {[%clk 00:53:18]} {[%emt 00:00:11]} 16. Bb3 {[%clk 01:14:58]}
{[%emt 00:00:56]} d4 {[%clk 00:53:30]} {[%emt 00:00:18]} 17. Bd2 {[%clk
01:11:02]} {[%emt 00:04:26]} dxc3 {[%clk 00:53:06]} {[%emt 00:00:54]} 18. Bxc3
{[%clk 01:11:20]} {[%emt 00:00:12]} Bd6 {[%clk 00:51:03]} {[%emt 00:02:33]} 19.
Qd2 {[%clk 01:11:07]} {[%emt 00:00:42]} Bf5 {[%clk 00:49:54]} {[%emt 00:01:39]}
20. Qg5 {[%clk 01:10:33]} {[%emt 00:01:05]} Bg6 {[%clk 00:49:13]} {[%emt
00:01:11]} 21. Bxe5 {[%clk 01:07:27]} {[%emt 00:03:36]} h6 {[%clk 00:48:57]}
{[%emt 00:00:45]} 22. Qxg6 {[%clk 01:07:45]} {[%emt 00:00:13]} Bxe5+ {[%clk
00:49:15]} {[%emt 00:00:11]} 23. Kg2 {[%clk 01:04:11]} {[%emt 00:04:05]} Nd5
{[%clk 00:47:10]} {[%emt 00:02:34]} 24. Qe4 {[%clk 01:02:56]} {[%emt 00:01:46]}
Nf4+ {[%clk 00:46:07]} {[%emt 00:01:33]} 25. Kf1 {[%clk 01:02:38]} {[%emt
00:00:48]} Qxh3+ {[%clk 00:46:24]} {[%emt 00:00:13]} 26. Ke1 {[%clk 01:02:43]}
{[%emt 00:00:24]} Rae8 {[%clk 00:45:04]} {[%emt 00:01:51]} 27. Kd1 {[%clk
01:00:36]} {[%emt 00:02:37]} Bxb2 {[%clk 00:43:47]} {[%emt 00:01:47]} 28. Qxf4
{[%clk 00:42:25]} {[%emt 00:18:41]} Bxa1 {[%clk 00:43:57]} {[%emt 00:00:19]}
29. d4 {[%clk 00:36:24]} {[%emt 00:06:32]} Rd8 {[%clk 00:39:54]} {[%emt
00:04:32]} 30. d5 {[%clk 00:34:57]} {[%emt 00:01:58]} Kh8 {[%clk 00:29:57]}
{[%emt 00:10:27]} 31. d6 {[%clk 00:32:30]} {[%emt 00:02:57]} Bf6 {[%clk
00:29:30]} {[%emt 00:00:57]} 32. Bd5 {[%clk 00:31:38]} {[%emt 00:01:22]} Bg5
{[%clk 00:27:35]} {[%emt 00:02:25]} 33. Qb4 {[%clk 00:30:48]} {[%emt 00:01:20]}
Qd7 {[%clk 00:26:03]} {[%emt 00:02:01]} 34. Rh1 {[%clk 00:27:49]} {[%emt
00:03:11]} Qxd6 {[%clk 00:25:36]} {[%emt 00:01:15]} 35. Qxd6 {[%clk 00:25:43]}
{[%emt 00:02:36]} Rxd6 {[%clk 00:25:57]} {[%emt 00:00:09]} 36. c4 {[%clk
00:26:03]} {[%emt 00:00:10]} b5 {[%clk 00:26:07]} {[%emt 00:00:20]} 37. Ke2
{[%clk 00:25:54]} {[%emt 00:00:39]} bxc4 {[%clk 00:25:48]} {[%emt 00:00:49]}
38. Bxc4 {[%clk 00:26:05]} {[%emt 00:00:19]} Re8+ {[%clk 00:26:03]} {[%emt
00:00:15]} 39. Kf1 {[%clk 00:26:16]} {[%emt 00:00:18]} Rd1+ {[%clk 00:26:14]}
{[%emt 00:00:20]} 40. Kg2 {[%clk 00:26:39]} {[%emt 00:00:08]} Rxh1 {[%clk
00:26:07]} {[%emt 00:00:37]} 41. Kxh1 {[%clk 00:26:44]} {[%emt 00:00:25]} Re7
{[%clk 00:26:02]} {[%emt 00:00:35]} 42. Kg2 {[%clk 00:27:00]} {[%emt 00:00:13]}
h5 {[%clk 00:25:51]} {[%emt 00:00:42]} 43. Kg3 {[%clk 00:25:27]} {[%emt
00:01:50]} h4+ {[%clk 00:26:01]} {[%emt 00:00:33]} 44. Kg4 {[%clk 00:25:44]}
{[%emt 00:00:13]} f6 {[%clk 00:26:13]} {[%emt 00:00:17]} 45. f4 {[%clk
00:25:54]} {[%emt 00:00:20]} h3 {[%clk 00:25:26]} {[%emt 00:01:18]} 46. fxg5
{[%clk 00:26:12]} {[%emt 00:00:11]} h2 {[%clk 00:25:47]} {[%emt 00:00:09]} 47.
Bd5 {[%clk 00:26:36]} {[%emt 00:00:06]} Re1 {[%clk 00:26:07]} {[%emt 00:00:11]}
48. gxf6 {[%clk 00:26:55]} {[%emt 00:00:11]} gxf6 {[%clk 00:25:49]} {[%emt
00:00:48]} 49. Kf5 {[%clk 00:27:06]} {[%emt 00:00:19]} Kg7 {[%clk 00:26:06]}
{[%emt 00:00:13]} 50. f4 {[%clk 00:27:24]} {[%emt 00:00:11]} h1=Q {[%clk
00:26:19]} {[%emt 00:00:18]} 51. Bxh1 {[%clk 00:27:50]} {[%emt 00:00:04]} Rxh1
{[%clk 00:26:43]} {[%emt 00:00:06]} 52. Ke6 {[%clk 00:28:12]} {[%emt 00:00:07]}
Ra1 {[%clk 00:27:03]} {[%emt 00:00:11]} 53. f5 {[%clk 00:28:34]} {[%emt
00:00:07]} Rxa2 {[%clk 00:27:26]} {[%emt 00:00:07]} 54. Kd6 {[%clk 00:28:39]}
{[%emt 00:00:25]} a5 {[%clk 00:27:43]} {[%emt 00:00:13]} 55. Kc5 {[%clk
00:29:00]} {[%emt 00:00:09]} a4 {[%clk 00:27:51]} {[%emt 00:00:23]} 56. Kb4
{[%clk 00:29:20]} {[%emt 00:00:09]} a3 {[%clk 00:28:05]} {[%emt 00:00:16]} 57.
Kb3 {[%clk 00:29:41]} {[%emt 00:00:09]} Ra1 {[%clk 00:28:28]} {[%emt 00:00:08]}
58. Kc2 {[%clk 00:29:57]} {[%emt 00:00:14]} Rf1 {[%clk 00:28:42]} {[%emt
00:00:15]} 59. Kb3 {[%clk 00:30:19]} {[%emt 00:00:08]} Rxf5 {[%clk 00:28:58]}
{[%emt 00:00:15]} 60. Kxa3 {[%clk 00:30:42]} {[%emt 00:00:07]} Re5 {[%clk
00:29:16]} {[%emt 00:00:11]} 61. Kb3 {[%clk 00:30:57]} {[%emt 00:00:15]} f5
{[%clk 00:29:30]} {[%emt 00:00:45]} 62. Kc3 {[%clk 00:31:43]} {[%emt 00:00:17]}
f4 {[%clk 00:30:21]} {[%emt 00:00:06]} 63. Kd2 {[%clk 00:31:58]} {[%emt
00:00:15]} f3 {[%clk 00:30:43]} {[%emt 00:00:09]} 64. Kd3 {[%clk 00:32:25]}
{[%emt 00:00:02]} f2 {[%clk 00:31:08]} {[%emt 00:00:05]} 65. Kd4 {[%clk
00:32:43]} {[%emt 00:00:13]} Re8 {[%clk 00:31:30]} {[%emt 00:00:07]} 66. Kd5
{[%clk 00:32:56]} {[%emt 00:00:17]} f1=Q {[%clk 00:31:48]} {[%emt 00:00:13]}
67. Kd6 {[%clk 00:33:19]} {[%emt 00:00:06]} Qd3+ {[%clk 00:32:11]} {[%emt
00:00:07]} 68. Kc7 {[%clk 00:33:35]} {[%emt 00:00:14]} Re1 {[%clk 00:32:30]}
{[%emt 00:00:11]} 69. Kc6 {[%clk 00:34:00]} {[%emt 00:00:06]} Rc1+ {[%emt
00:01:11]} 70. Kb6 {[%clk 00:33:56]} {[%emt 00:00:07]} Qb3+ {[%clk 00:33:34]}
{[%emt 00:00:11]} 71. Ka5 {[%clk 00:34:21]} {[%emt 00:00:06]} Ra1# {[%clk
00:33:28]} {[%emt 00:00:05]} 0-1

[Event "DEM U10w 2021"]
[Site "Willingen GER"]
[Date "2021.08.23"]
[Round "2"]
[White "Rafikova, Ailin"]
[Black "Bakó, Isabella"]
[Result "1/2-1/2"]
[Termination "normal"]
[Board "2"]
[WhiteElo "1375"]
[BlackElo "1173"]
[WhiteClock "00:42:28"]
[BlackClock "00:15:13"]
[PlyCount "67"]
[WhiteFideId "34612173"]
[BlackFideId "16287266"]
[EventCountry "GER"]
[EventRounds "11"]
[EventType "swiss"]
[EventDate "2021.08.22"]

1. e4 {[%clk 01:15:57]} {[%emt 00:00:03]} c6 {[%clk 01:15:51]} {[%emt
00:00:09]} 2. d4 {[%clk 01:16:16]} {[%emt 00:00:11]} d5 {[%clk 01:16:14]}
{[%emt 00:00:07]} 3. exd5 {[%clk 01:16:37]} {[%emt 00:00:10]} cxd5 {[%clk
01:16:31]} {[%emt 00:00:12]} 4. c4 {[%clk 01:16:51]} {[%emt 00:00:16]} Nc6
{[%clk 01:16:12]} {[%emt 00:00:49]} 5. Nf3 {[%clk 01:16:52]} {[%emt 00:00:28]}
Bg4 {[%clk 01:16:31]} {[%emt 00:00:12]} 6. Be3 {[%clk 01:16:02]} {[%emt
00:01:20]} e6 {[%clk 01:15:55]} {[%emt 00:01:06]} 7. cxd5 {[%clk 01:16:03]}
{[%emt 00:00:30]} exd5 {[%clk 01:15:50]} {[%emt 00:00:34]} 8. Be2 {[%clk
01:16:14]} {[%emt 00:00:19]} Bd6 {[%clk 01:13:55]} {[%emt 00:02:24]} 9. O-O
{[%clk 01:16:16]} {[%emt 00:00:28]} Nf6 {[%clk 01:13:11]} {[%emt 00:01:14]} 10.
Nc3 {[%clk 01:15:59]} {[%emt 00:00:48]} O-O {[%clk 01:09:22]} {[%emt 00:04:17]}
11. h3 {[%emt 00:03:10]} Bh5 {[%clk 01:06:35]} {[%emt 00:00:41]} 12. Nd2 {[%clk
01:13:36]} {[%emt 00:02:50]} Bxe2 {[%clk 01:06:47]} {[%emt 00:00:18]} 13. Qxe2
{[%clk 01:13:21]} {[%emt 00:00:43]} Re8 {[%clk 01:04:40]} {[%emt 00:02:33]} 14.
Nb3 {[%clk 01:11:51]} {[%emt 00:02:07]} Bc7 {[%clk 01:00:20]} {[%emt 00:04:50]}
15. Qf3 {[%clk 01:08:59]} {[%emt 00:03:20]} h6 {[%clk 00:57:03]} {[%emt
00:03:48]} 16. Rfe1 {[%clk 01:07:46]} {[%emt 00:01:43]} Bb6 {[%clk 00:52:21]}
{[%emt 00:05:12]} 17. Re2 {[%clk 01:05:06]} {[%emt 00:03:11]} Rc8 {[%emt
00:03:45]} 18. Rae1 {[%clk 01:03:23]} {[%emt 00:00:01]} a6 {[%clk 00:47:07]}
{[%emt 00:04:41]} 19. Qf4 {[%clk 00:57:56]} {[%emt 00:05:56]} a5 {[%clk
00:40:29]} {[%emt 00:07:09]} 20. Bd2 {[%clk 00:55:49]} {[%emt 00:02:37]} Nb4
{[%clk 00:34:05]} {[%emt 00:06:53]} 21. Rxe8+ {[%clk 00:54:11]} {[%emt
00:02:08]} Nxe8 {[%clk 00:33:55]} {[%emt 00:00:40]} 22. Qf3 {[%clk 00:53:21]}
{[%emt 00:01:19]} Nc2 {[%clk 00:30:55]} {[%emt 00:03:18]} 23. Re5 {[%clk
00:52:17]} {[%emt 00:01:47]} Nxd4 {[%clk 00:25:56]} {[%emt 00:05:29]} 24. Qxd5
{[%clk 00:50:39]} {[%emt 00:02:09]} Qxd5 {[%clk 00:21:51]} {[%emt 00:04:34]}
25. Rxd5 {[%clk 00:50:04]} {[%emt 00:01:06]} Nxb3 {[%clk 00:21:52]} {[%emt
00:00:29]} 26. axb3 {[%clk 00:49:18]} {[%emt 00:01:14]} Nf6 {[%emt 00:05:00]}
27. Rf5 {[%clk 00:47:16]} {[%emt 00:00:22]} Bc5 {[%clk 00:17:57]} {[%emt
00:02:05]} 28. Bxh6 {[%clk 00:46:20]} {[%emt 00:01:25]} Bd4 {[%clk 00:15:56]}
{[%emt 00:02:31]} 29. Bd2 {[%clk 00:45:30]} {[%emt 00:01:22]} Rc6 {[%clk
00:14:54]} {[%emt 00:01:32]} 30. Rxa5 {[%clk 00:43:39]} Rb6 {[%clk 00:14:53]}
{[%emt 00:02:50]} 31. Rb5 {[%clk 00:42:39]} {[%emt 00:01:33]} Rxb5 {[%clk
00:14:47]} {[%emt 00:00:36]} 32. Nxb5 {[%clk 00:42:55]} {[%emt 00:00:14]} Bxb2
{[%clk 00:15:10]} {[%emt 00:00:07]} 33. Kf1 {[%clk 00:42:31]} {[%emt 00:00:54]}
Kf8 {[%clk 00:15:13]} {[%emt 00:00:26]} 34. Ke2 {[%clk 00:42:28]} {[%emt
00:00:34]} 1/2-1/2

[Event "DEM U10w 2021"]
[Site "Willingen GER"]
[Date "2021.08.23"]
[Round "2"]
[White "Glotz, Katharina"]
[Black "Xiao, Yiyi"]
[Result "0-1"]
[Termination "normal"]
[Board "3"]
[WhiteElo "1081"]
[BlackElo "1368"]
[WhiteClock "01:01:47"]
[BlackClock "00:56:46"]
[PlyCount "90"]
[WhiteFideId "34631011"]
[BlackFideId "34605665"]
[EventCountry "GER"]
[EventRounds "11"]
[EventType "swiss"]
[EventDate "2021.08.22"]

1. e4 {[%clk 01:15:54]} {[%emt 00:00:05]} e5 {[%clk 01:15:51]} {[%emt
00:00:09]} 2. Nf3 {[%clk 01:16:20]} {[%emt 00:00:05]} Nc6 {[%emt 00:00:15]} 3.
Bc4 {[%emt 00:00:09]} Bc5 {[%clk 01:15:06]} {[%emt 00:00:51]} 4. b4 {[%clk
01:16:42]} {[%emt 00:00:08]} Nxb4 {[%clk 01:14:27]} {[%emt 00:01:10]} 5. c3
{[%clk 01:16:48]} {[%emt 00:00:24]} Nc6 {[%clk 01:14:19]} {[%emt 00:00:38]} 6.
d4 {[%clk 01:17:08]} {[%emt 00:00:09]} exd4 {[%clk 01:13:36]} {[%emt 00:01:14]}
7. cxd4 {[%clk 01:17:27]} {[%emt 00:00:11]} Bb4+ {[%clk 01:13:35]} {[%emt
00:00:31]} 8. Nbd2 {[%clk 01:17:42]} {[%emt 00:00:14]} d6 {[%clk 01:12:45]}
{[%emt 00:01:21]} 9. h3 {[%clk 01:17:58]} {[%emt 00:00:14]} Qe7 {[%clk
01:12:49]} {[%emt 00:00:26]} 10. d5 {[%clk 01:16:46]} {[%emt 00:01:41]} Qxe4+
{[%clk 01:12:18]} {[%emt 00:01:01]} 11. Qe2 {[%clk 01:16:56]} {[%emt 00:00:20]}
Qxe2+ {[%clk 01:11:08]} {[%emt 00:01:40]} 12. Bxe2 {[%clk 01:17:16]} {[%emt
00:00:10]} Ne5 {[%clk 01:10:48]} {[%emt 00:00:50]} 13. Nd4 {[%clk 01:16:58]}
{[%emt 00:00:47]} Bc3 {[%clk 01:10:09]} {[%emt 00:01:11]} 14. Rb1 {[%clk
01:16:53]} {[%emt 00:00:33]} Bxd4 {[%clk 01:10:13]} {[%emt 00:00:28]} 15. O-O
{[%clk 01:17:07]} {[%emt 00:00:16]} Nf6 {[%clk 01:10:11]} {[%emt 00:00:32]} 16.
Bf3 {[%clk 01:12:22]} {[%emt 00:05:15]} O-O {[%clk 01:09:48]} {[%emt 00:00:53]}
17. Be4 {[%clk 01:12:19]} {[%emt 00:00:31]} Nxe4 {[%clk 01:08:25]} {[%emt
00:01:54]} 18. Nxe4 {[%clk 01:12:29]} {[%emt 00:00:19]} b6 {[%clk 01:07:51]}
{[%emt 00:01:06]} 19. Rd1 {[%clk 01:11:29]} {[%emt 00:01:28]} Bc5 {[%clk
01:06:59]} {[%emt 00:01:24]} 20. Bf4 {[%clk 01:08:35]} {[%emt 00:03:23]} Ng6
{[%clk 01:05:54]} {[%emt 00:01:36]} 21. Bd2 {[%clk 01:07:41]} {[%emt 00:01:18]}
Bf5 {[%clk 01:05:39]} {[%emt 00:00:52]} 22. Re1 {[%clk 01:07:32]} {[%emt
00:00:36]} Rae8 {[%clk 01:05:13]} {[%emt 00:00:58]} 23. Nxc5 {[%clk 01:06:21]}
{[%emt 00:01:39]} Bxb1 {[%clk 01:04:44]} {[%emt 00:01:01]} 24. Rxb1 {[%clk
01:06:28]} {[%emt 00:00:23]} dxc5 {[%clk 01:04:18]} {[%emt 00:00:56]} 25. a4
{[%clk 01:04:45]} {[%emt 00:02:13]} Re5 {[%clk 01:03:28]} {[%emt 00:01:21]} 26.
Ra1 {[%clk 01:04:32]} {[%emt 00:00:41]} Rxd5 {[%clk 01:02:52]} {[%emt
00:01:06]} 27. Be3 {[%clk 01:04:56]} {[%emt 00:00:07]} Rfd8 {[%clk 01:02:53]}
{[%emt 00:00:30]} 28. a5 {[%clk 01:04:02]} {[%emt 00:01:24]} c4 {[%clk
01:01:30]} {[%emt 00:01:53]} 29. axb6 {[%clk 01:04:12]} {[%emt 00:00:20]} axb6
{[%clk 01:01:38]} {[%emt 00:00:22]} 30. Ra7 {[%clk 01:03:11]} {[%emt 00:01:29]}
c5 {[%clk 01:01:29]} {[%emt 00:00:41]} 31. Rb7 {[%clk 01:03:05]} {[%emt
00:00:34]} c3 {[%clk 00:58:36]} {[%emt 00:03:36]} 32. Rxb6 {[%clk 01:02:55]}
{[%emt 00:00:37]} c2 {[%clk 00:58:19]} {[%emt 00:00:49]} 33. Rb2 {[%clk
01:03:05]} {[%emt 00:00:20]} Rd1+ {[%clk 00:57:34]} {[%emt 00:01:16]} 34. Kh2
{[%clk 01:03:11]} {[%emt 00:00:22]} c1=Q 35. Bxc1 Rxc1 {[%emt 00:00:33]} 36. g3
{[%clk 01:02:11]} {[%emt 00:00:41]} c4 {[%clk 00:57:26]} {[%emt 00:00:31]} 37.
Re2 {[%clk 01:02:01]} {[%emt 00:00:38]} c3 {[%clk 00:57:17]} {[%emt 00:00:40]}
38. h4 {[%clk 01:02:12]} {[%emt 00:00:19]} c2 {[%clk 00:57:24]} {[%emt
00:00:23]} 39. Rxc2 {[%clk 01:02:38]} {[%emt 00:00:04]} Rxc2 {[%clk 00:57:28]}
{[%emt 00:00:27]} 40. Kg2 {[%clk 01:03:00]} {[%emt 00:00:07]} Rdd2 {[%clk
00:57:28]} {[%emt 00:00:32]} 41. Kh3 {[%clk 01:02:44]} {[%emt 00:00:43]} Rxf2
{[%clk 00:57:21]} {[%emt 00:00:38]} 42. h5 {[%clk 01:02:46]} {[%emt 00:00:25]}
Ne5 {[%clk 00:57:18]} {[%emt 00:00:36]} 43. g4 {[%clk 01:01:41]} {[%emt
00:01:33]} Rf3+ {[%clk 00:56:46]} {[%emt 00:01:04]} 44. Kh4 {[%clk 01:01:47]}
{[%emt 00:00:23]} Rh2+ {[%emt 00:00:18]} 45. Kg5 {[%emt 00:00:13]} h6# {[%emt
00:02:30]} 0-1